000 00567nam a22002057a 4500
003 OSt
005 20210416105856.0
008 210306s1965 ||||| |||| 00| 0 eng d
040 _aeng
_beng
_cDLC
041 _aeng
080 _a821.111
_bD-33
100 _91267
_aDeighton, Len
245 _aFuneral in Berlin
_c/ by: G. P. Putnam's Sons
260 _aNew York
_bG. P. Putnam's Sons
_c1965
300 _a236 p.
365 _b0.75 usd
650 0 _9247
_aEnglish literature
653 _aინგლისური ლიტერატურა
942 _2udc
_cBK
999 _c2003
_d2003